|
|
|
|
| LEADER |
00000nam0a2200000 4500 |
| 001 |
27233 |
| 005 |
20231101205759.0 |
| 010 |
|
|
|a 5279021571
|
| 035 |
|
|
|a (RuTPU)RU\TPU\book\27482
|
| 035 |
|
|
|a BOOK00000029
|
| 090 |
|
|
|a 27233
|
| 100 |
|
|
|a 20011209d2000 km y0rusy50 ca
|
| 101 |
1 |
|
|a rus
|c eng
|
| 102 |
|
|
|a RU
|
| 105 |
|
|
|a y z 000zy
|
| 200 |
1 |
|
|a Стимулирование международного туризма в XXI веке
|e пер. с англ.
|f Г. Харрис, К. М. Кац
|
| 210 |
|
|
|a Москва
|c Финансы и статистика
|d 2000
|
| 215 |
|
|
|a 240 с.
|
| 606 |
1 |
|
|a Туризм
|x Экономика
|2 stltpush
|3 (RuTPU)RU\TPU\subj\53770
|9 71935
|
| 610 |
1 |
|
|a экономика
|
| 610 |
1 |
|
|a туризм
|
| 610 |
1 |
|
|a международный туризм
|
| 610 |
1 |
|
|a статистика
|
| 686 |
|
|
|a У9(2)43
|v LBC/SL-A
|2 rubbk
|
| 700 |
|
1 |
|a Харрис
|b Г.
|g Годфри
|
| 701 |
|
1 |
|a Кац
|b К. М.
|g Кеннет М.
|
| 801 |
|
0 |
|a RU
|b 63413507
|c 20011209
|g PSBO
|
| 801 |
|
2 |
|a RU
|b 63413507
|c 20220425
|g PSBO
|
| 942 |
|
|
|c BK
|